000 00510nam a2200133Ia 4500
008 160809s9999 xx 000 0 und d
100 _aBhatt, Rakesh Mohan.
245 _aCompetence Building Framework Requirements for Information Technology for Educational Management Full Text
245 _cRakesh Mohan Bhatt, HNB Garhwal University, India
260 _bComputer Science and Information Technology
260 _cJanuary 2016
650 _xINFORMATION TECHNOLOGY
856 _uhttp://airccse.org/V6N48.html
999 _c300032
_d300032